Statistics for Ethnic Groups A-Z

Click here to take the quiz!

General Stats

  • This quiz has been taken 7,376 times
    (7,356 since last reset)
  • The average score is 15 of 26

Answer Stats

Clue Ethnic Group % Correct
ADominant ethnic group of the Middle East and North AfricaArabs
95%
KThey live primarily in southeast Turkey and northern IraqKurds
90%
IGroup of similar culturally indigenous peoples inhabiting the Arctic
regions of Greenland, Canada and Alaska
Inuit
82%
BThis group of Spain and France speaks a language unrelated to all other
European languages
Basques
81%
DNative American tribe for which two U.S. states are namedDakota
81%
ZThe largest ethnic group in South AfricaZulu
75%
PEthnic group of Marie Curie, Nicolaus Copernicus, and Frédéric ChopinPoles
74%
FDutch-speaking people that live in northern BelgiumFlemish
74%
CChristian ethnic group in EgyptCopts
73%
RThis nomadic group orginally came from India, but now lives in
various European countries
Romani
71%
LIndochinese group that originated in southern ChinaLao
69%
WThey call themselves "Cymry"Welsh
62%
JLargest ethnic group in IndonesiaJavanese
55%
EUralic-speaking group of the European UnionEstonians
55%
HThis ethnic group makes up about 18% of the global populationHan Chinese
55%
NAncient people who inhabit the Nile valley in Sudan and EgyptNubians
50%
XNelson Mandela's ethnic groupXhosa
49%
MAfrican tribe in Tanzania and Kenya whose life centers around cattle herdingMaasai
48%
UTurkic ethnic group oppressed by the Chinese governmentUyghurs
45%
VThey are called "Kinh" to distinguish them from other ethnic groups in the countryVietnamese
41%
SIndigenous people of northern Scandinavia and FinlandSami
39%
QMain people that built the Inca EmpireQuechua
36%
TSecond largest ethnic group in Russia, centered around the city of KazanTatars
34%
GEthnic group of Mahatma GandhiGujaratis
33%
YEthnic group to which 98.5% of Japanese residents belongYamato
12%
OMain ethnic group of the Indian state of OdishaOriya
9%

Score Distribution

Percentile by Number Answered

Percent of People with Each Score

Your Score History

You have not taken this quiz since the last reset